000 00325 a2200145 4500
001 60848
020 _a9783120100010
040 _cAnchieta - Pituba
240 1 0 _aWörterbuch der jugendsprache
_lpor
245 1 0 _aWörterbuch der jugendsprache
300 _a141
362 0 _a2008
650 4 _aLíngua alemã
942 _cBK
999 _c60848
_d60848